书目信息 |
| 题名: |
精密与特种加工
|
|
| 作者: | 王贵成,王振龙主编 | |
| 分册: | ||
| 出版信息: | 北京 机械工业出版社 2013 |
|
| 页数: | 250页 | |
| 开本: | 26cm | |
| 丛书名: | ||
| 单 册: | ||
| 中图分类: | TG506.9 , TG66 | |
| 科图分类: | ||
| 主题词: | 精密切削--高等教育--教材 , 特种加工--高等教育--教材 , 精密切削 , 特种加工 | |
| 电子资源: | ||
| ISBN: | 978-7-111-41957-0 | |
| 000 | 01012nam0 2200289 450 | |
| 001 | 522 | |
| 005 | 20160905102004.68 | |
| 010 | @a978-7-111-41957-0@dCNY29.80 | |
| 100 | @a20130808d2013 em y0chiy50 ea | |
| 101 | 0 | @achi |
| 102 | @aCN@b110000 | |
| 105 | @aa z 000yy | |
| 200 | 1 | @a精密与特种加工@b专著@f王贵成,王振龙主编@9jing mi yu te zhong jia gong |
| 210 | @a北京@c机械工业出版社@d2013 | |
| 215 | @a250页@c图@d26cm | |
| 300 | @a普通高等教育“十二五”规划教材 | |
| 330 | @a本书以系统讲述精细加工工艺技术为主线,以阐明先进加工制造工艺的基本原理和方法为基础,涵盖了原机械灯专业教学精密和超精密加工、特种加工及微细加工等课程的主要内容。 | |
| 606 | 0 | @a精密切削@x高等教育@j教材 |
| 606 | 0 | @a特种加工@x高等教育@j教材 |
| 606 | 0 | @a精密切削 |
| 606 | 0 | @a特种加工 |
| 690 | @aTG506.9@v5 | |
| 690 | @aTG66@v5 | |
| 701 | @a@a王贵成@c(大学教师)@4主编@9wang gui cheng | |
| 701 | @a@a王振龙@c(机械加工)@4主编@9wang zhen long | |
| 801 | 0 | @aCN@b唐山师范学院图书馆@c20160722 |
| 905 | @aZUCC@dTG506.9@e48 | |
| 精密与特种加工/王贵成,王振龙主编.-北京:机械工业出版社,2013 |
| 250页:图;26cm |
| 普通高等教育“十二五”规划教材 |
| ISBN 978-7-111-41957-0:CNY29.80 |
| 本书以系统讲述精细加工工艺技术为主线,以阐明先进加工制造工艺的基本原理和方法为基础,涵盖了原机械灯专业教学精密和超精密加工、特种加工及微细加工等课程的主要内容。 |
| ● |
| 相关链接 |
|
|
|
|
正题名:精密与特种加工
索取号:TG506.9/48
 
预约/预借
| 序号 | 登录号 | 条形码 | 馆藏地/架位号 | 状态 | 备注 |
| 1 | 902208 | 209022083 | 第二样本阅览室/ [索取号:TG506.9/48] | 在馆 | |
| 2 | 902209 | 209022092 | 第三借阅区/ [索取号:TG506.9/48] | 在馆 | |
| 3 | 902210 | 209022109 | 第三借阅区/ [索取号:TG506.9/48] | 在馆 |